| 000 | 00814cab a2200241 4500 | ||
|---|---|---|---|
| 001 | WB3246-18 | ||
| 008 | 090401t1996 xxu||||| |||| 00| 0 eng d | ||
| 035 | _a(Sirsi) u64319 | ||
| 041 | _aeng | ||
| 245 | _aEsselte: the wider ramifications | ||
| 260 | _c1996 | ||
| 350 | _a0 | ||
| 490 |
_aEstates Gazette _v(9648) 30 November 1996, 153(1) |
||
| 520 | _aDiscusses the wider implications of "Esselte AB v Pearl Assurance plc" concerning termination of business tenancies and serving s27 notices. (See WB 3245-33) | ||
| 650 | _aBUSINESS TENANCIES | ||
| 650 | _aCONTRACTUAL TERMS | ||
| 650 | _aESSELTE AB V PEARL ASSURANCE PLC | ||
| 650 | _aLANDLORD AND TENANT ACT 1954 S27 | ||
| 650 | _aTERMINATION OF TENANCY | ||
| 690 | _aLANDLORD AND TENANT-BUSINESS TENANCIES | ||
| 942 | _n0 | ||
| 948 | _c04/03/1997 | ||
| 999 |
_c40056 _d40056 |
||